| 000 | 00393nam a2200145Ia 4500 | ||
|---|---|---|---|
| 008 | 150201s2002 xx 000 0 und d | ||
| 082 |
_a617.69 _bT2002M |
||
| 100 | _aW.H.F MALONE | ||
| 245 | _aTYLMANS THEORY AND PRACTICE OF FIXED PROSTHODONTICS | ||
| 250 | _a8TH | ||
| 260 |
_bISHYANKU EUROPEAN PUBLICATION _aTOKYO _c2002 |
||
| 300 | _a1-461 | ||
| 650 | _aPROSTHODONTICS | ||
| 942 |
_2ddc _cBK _04 |
||
| 999 |
_c2688 _d2688 |
||